Taylor Swift mystery lyrics #4 - Statistics

General Stats
  • This quiz has been taken 156 times
    138 since last reset
  • The average score is 124 of 196
Answer Stats
Answer % Correct
I
100%
a
99%
The
97%
the
97%
you
95%
You
95%
it
90%
to
89%
we
89%
and
86%
And
86%
me
84%
That
83%
that
83%
when
83%
do
82%
in
81%
In
81%
my
81%
no
80%
who
80%
of
78%
so
78%
was
76%
What
76%
go
75%
have
72%
It's
72%
not
72%
time
72%
were
72%
all
69%
there
69%
too
69%
but
68%
I'll
68%
am
67%
if
67%
like
67%
see
67%
say
66%
This
65%
get
64%
know
63%
first
59%
night
59%
you'll
59%
ever
58%
now
58%
'Cause
55%
'cause
55%
didn't
55%
day
54%
just
54%
soon
54%
up
54%
never
52%
better
49%
been
48%
tell
47%
make
45%
ah
44%
there's
44%
theres
44%
isn't
43%
back
42%
bad
42%
supposed
42%
talk
41%
won't
41%
about
40%
Ooh
39%
best
38%
because
34%
try
32%
doctors
31%
pray
31%
real
31%
find
30%
hair
29%
hate
29%
Jesus
29%
office
29%
scared
29%
each
28%
lighting
28%
people
28%
mirror
27%
sky
26%
nurses
25%
bottles
24%
buttons
24%
faith
24%
nicer
24%
orange
24%
tangled
24%
coat
23%
Desperate
23%
keep
23%
paint
23%
pretend
23%
deal
22%
years
22%
Holy
21%
kitchen
21%
neon
21%
normal
21%
brighten
20%
hoping
19%
saying
19%
delusion
16%
No matching quizzes found
Score Distribution
Percent of People with Each Score
Percentile by Number Answered
Your Score History
You have not taken this quiz since the last reset